00813nam a2200265Ia 450000100060000000300090000600800410001504000130005604000130006904100130008210000240009510000290011924000400014824000350018824500330022324500330025625000110028926000110030026000170031126000490032830000550037750000570043265000270048965000310051615848IT-RoPAU130308s9999 xx 000 0 und d aIT-RoPAU cIT-RoPAU aITALIANO aKleist Heinrich Von gCodice Aut. SPICS: 5068 aAUFSATZ UBER DAS MARIONETTENTHEATER gCodice Tit. Orig. Spics: T0638 aTeatro delle marionette (Il) bTeatro delle Marionette (Il) a1a ed. aGENOVA bIl Melangolo c1979 [1° Ed.:1979 - Ed.Ling.Originale:1811] a"40 p. (prefazione: no ; testo: 40 [pagine: 0-0])" aNote Biobibliografiche di Kleist Estetica Metafisica aAUTORI/OPERE DI TEATRO eCodice materia Spics: 8407